Vybrané generátory dynamizácie rozvoja svetovej ekonomiky po jej krízovom útlme

Vybrané kľúčové faktory a subjekty obnovy svetovej ekonomiky. Rast celosvetovej spotreby a v rámci nej prudký nárast spotreby energie. Subjekty, ktoré by mohli krízu zásadne a dlhodobo ovplyvniť: Brazília, Ruská federácia, India a Čína, ktoré sa sformovali do známej skupiny BRIC. Osobitné postaveni...

Ausführliche Beschreibung

Gespeichert in:
Bibliographische Detailangaben
1. Verfasser: Lysák, Ladislav
Format: Buchkapitel
Sprache:Slowakisch
Schlagworte:
Tags: Tag hinzufügen
Keine Tags, Fügen Sie das erste Tag hinzu!

MARC

LEADER 00000nla$a2200000$$$4500
001 0117379
005 20240502072319.1
041 0 |a slo 
044 |a SK 
245 1 0 |a Vybrané generátory dynamizácie rozvoja svetovej ekonomiky po jej krízovom útlme  |c Ladislav Lysák 
520 |a Vybrané kľúčové faktory a subjekty obnovy svetovej ekonomiky. Rast celosvetovej spotreby a v rámci nej prudký nárast spotreby energie. Subjekty, ktoré by mohli krízu zásadne a dlhodobo ovplyvniť: Brazília, Ruská federácia, India a Čína, ktoré sa sformovali do známej skupiny BRIC. Osobitné postavenie Číny v súčasnosti aj v dlhodobej perspektíve. Spolupráca Číny s Európskou úniou. Hospodársky rast Indickej republiky. Predpoklady rozširovania a posilňovania pozícií BRIC vo svetovej ekonomike – BRIMICK. 
610 2 0 |a rast hospodársky 
610 2 0 |a rozvoj hospodársky 
610 2 0 |a hospodárstvo svetové 
610 2 0 |a spotreba 
610 2 0 |a kríza hospodárska 
610 2 0 |a kríza finančná 
610 2 0 |a BRICS 
610 2 0 |a Európska únia 
100 1 |a Lysák, Ladislav